• 首页
  • 本馆介绍
  • 公告通知
  • 最新文献
  • 馆藏检索
  • 电子资源
  • 读者导购
  • 参考咨询
  • 我的图书馆
  • 登录
  • 详细信息显示
  • 放入我的书架
  • 预约/预借图书
  • 作者相关作品
  • 分类相关作品
  • 丛书相关作品
  • 出版社相关作品

书目信息

  • 表格格式
  • 工作单格式
  • 卡片格式
题名:
全国计算机等级考试教程
    
 
作者: 詹可军 主编 ;全国计算机等级考试命题研究中心 , 未来教育教学与研究中心 主编
分册:   二级MS Office 高级应用
出版信息: 成都   电子科技大学出版社  2016.1
页数: 288页
开本: 26cm
丛书名:
单 册:
中图分类: TP3 , TP317.1
科图分类:
主题词: 电子计算机--等级考试--教材 , 办公自动化--应用软件--等级考试--教材
电子资源:
ISBN: 978-7-5647-3183-0
000 01273nam0 2200313 450
001 0400001864
005 20171019173505.0
010    @a978-7-5647-3183-0@dCNY42.00
100    @a20170215e2016 em y0chiy50 ea
101 0  @achi
102    @aCN@b510000
105    @ay z 000yy
106    @ar
200 1  @a全国计算机等级考试教程@9quan guo ji suan ji deng ji kao shi jiao cheng@i二级MS Office 高级应用@e2016年版@f全国计算机等级考试命题研究中心,未来教育教学与研究中心[主编]
210    @a成都@c电子科技大学出版社@d2016.1
215    @a288页@d26cm
300    @a未来教育
304    @a英文共同题名:National computer rank examination
314    @a主编:詹可军
330    @a本书内容包括:计算机基础知识、利用Word2010高效创建电子文档、使用Excel2010创建并处理电子表格、通过PowerPoint2010制作演示文稿。
606 0  @a电子计算机@x等级考试@j教材
606 0  @a办公自动化@x应用软件@x等级考试@j教材
690    @aTP3@v5
690    @aTP317.1@v5
701  0 @a詹可军@9zhan ke jun@c(计算机)@4主编
712 02 @a全国计算机等级考试命题研究中心@9quan guo ji suan ji deng ji kao shi ming ti yan jiu zhong xin@4主编
712 02 @a未来教育教学与研究中心@9wei lai jiao yu jiao xue yu yan jiu zhong xin@4主编
801  0 @aCN@b91MARC@c20171019
905    @b1025811-5@dTP3@f5@e708
    
    全国计算机等级考试教程.二级MS Office 高级应用:2016年版/全国计算机等级考试命题研究中心,未来教育教学与研究中心[主编].-成都:电子科技大学出版社,2016.1
    288页;26cm
    未来教育
    
    ISBN 978-7-5647-3183-0:CNY42.00
    本书内容包括:计算机基础知识、利用Word2010高效创建电子文档、使用Excel2010创建并处理电子表格、通过PowerPoint2010制作演示文稿。
●
相关链接 在E读中查询图书 在五车中查询图书 在当当中查询图书 在豆瓣中查询图书


正题名:全国计算机等级考试教程     索取号:TP3/708         预约/预借

序号 登录号 条形码 馆藏地/架位号 状态 备注
1 1025811   210258111   第二样本阅览室/ [索取号:TP3/708] 在馆    
2 1025812   210258120   密集书库—计算机科学学院/ [索取号:TP3/708] 在馆    
3 1025813   210258139   第三借阅区/ [索取号:TP3/708] 在馆    
4 1025814   210258148   第三借阅区/ [索取号:TP3/708] 在馆    
5 1025815   210258157   第三借阅区/ [索取号:TP3/708] 在馆    
唐山师范学院图书馆 欢迎您!
大连网信软件有限公司© 版权所有